| 000 | 00000nam##2200000za#4500 |
| 001 | 9.558353 |
| 003 | CaOODSP |
| 005 | 20230131161132 |
| 007 | cr ||||||||||| |
| 008 | 150406|2003||||xxc|||||o f|0| 0 eng|d |
| 020 | |a0-662-33545-7 |
| 040 | |aCaOODSP|beng |
| 043 | |an-cn--- |
| 086 | 1 |aM44-2003/C25E-IN |
| 110 | 2 |aGeological Survey of Canada. |
| 245 | 10|aFirst look at data from a three-dimensional audio-magnetotelluric survey at the McArthur River mining camp, northern Saskatchewan / |h[electronic resource]|c[by] J.A. Craven, G. McNeice, B. Powell, R. Koch, I.R. Annesley, G. Wood, and J. Mwenifumbo. |
| 260 | |aOttawa - Ontario : |bNatural Resources Canada. |cc2003. |
| 300 | |a8p.|bfigs., map, references |
| 490 | 1 |aCurrent research 2003|v2003-C25 |
| 546 | |a(Résumé en français.) |
| 590 | |a14-09-Supp|b2014-04-23 |
| 830 | #0|aCurrent research (Geological Survey of Canada)|v2003-C25|w(CaOODSP)9.506236 |
| 856 | 40|ahttp://publications.gc.ca|qPDF|s378 KB|uhttps://publications.gc.ca/collections/collection_2013/rncan-nrcan/M44-2003-C25-eng.pdf|y2003-C25 |